Las virtudes fundamentales

Guardado en:
Detalles Bibliográficos
Autor principal: Pieper, Josef (autor)
Formato: Libro
Lenguaje:español
Publicado: Madrid Ediciones Rialp S. A 2012
Edición:10a. ed
Materias:
Etiquetas: Agregar Etiqueta
Sin Etiquetas, Sea el primero en etiquetar este registro!

MARC

LEADER 00000cam a2200000 a 4500
001 UCD5764
003 CL-VaPUC
008 161007e20120000sp |||||||||||||||||spa|d
020 |a 9788432131349 
082 0 4 |a 179.9  |b PIE  |2 21 
100 |a Pieper, Josef   |e autor  |9 520990 
245 1 4 |a Las virtudes fundamentales 
250 |a 10a. ed 
300 |a 572 p 
942 |c BK 
945 |d 20161007 09:49:00  |a dcastane 
260 |a Madrid  |b Ediciones Rialp S. A  |c 2012 
650 0 |a Virtud y vicio  |9 310637 
650 0 |a Teología moral   |9 256617 
650 0 |a Ética  |9 255099 
650 0 |a Comportamiento moral  |9 334569 
583 |a last modification  |c 20161007 09:49:00  |k Rodrigo Vera 
999 |c 366317  |d 366315 
952 |0 0  |1 0  |3 erb  |4 0  |6 179_900000000000000_PIE_2012  |7 0  |8 R  |9 480487  |a BIBEDU  |b BIBEDU  |c MCIRC  |i 5344352  |o 179.9 PIE 2012  |p 5344352  |r 2023-01-13  |w 2019-11-24  |y BK_R  |z Catalogado en:20161007  |k EPE 
952 |0 0  |1 0  |3 erb  |4 0  |6 179_900000000000000_PIE_2012  |7 0  |8 A  |9 480488  |a BIBTEO  |b BIBTEO  |i 535580K  |l 3  |m 16  |o 179.9 PIE 2012  |p 535580K  |q 2024-07-31  |r 2022-07-01  |s 2022-07-01  |w 2019-11-24  |y BK  |z Catalogado en:20161209  |k ICR